|
|
|
|
| LEADER |
00748nam a2200205 a 4500 |
| 001 |
14367000 |
| 008 |
090719r20061986enk 000 0 eng d |
| 010 |
|
|
|a 2006445735
|
| 020 |
|
|
|a 0571218792
|
| 040 |
|
|
|a DLC
|c DLC
|d DLC
|
| 082 |
0 |
4 |
|a 848/.91409
|2 22
|
| 100 |
1 |
|
|a Beckett, Samuel,
|d 1906-1989.
|
| 245 |
1 |
4 |
|a The complete dramatic works /
|c Samuel Beckett.
|
| 260 |
|
|
|a London :
|b Faber and Faber,
|c 2006.
|
| 300 |
|
|
|a 476 p. ;
|c 21 cm.
|
| 541 |
1 |
|
|e 00014388
|
| 600 |
1 |
0 |
|a Beckett, Samuel,
|d 1906-1989.
|
| 852 |
4 |
|
|a Ayesha Abed Library
|j General Shelf.
|
| 999 |
|
|
|c 2679
|d 2679
|
| 952 |
|
|
|0 0
|1 0
|2 ddc
|4 0
|6 848_914090000000000_BEC_2003
|7 0
|8 FIC
|9 2461
|a BRACUL
|b BRACUL
|c GEN
|d 2009-07-22
|g 854.00
|l 8
|m 35
|o 848.91409 BEC
|p 3010014388
|r 2026-04-01
|s 2025-10-28
|t 1
|w 2009-07-22
|y BK
|